[Event "G7-1 2014"]
[Site "Skorping"]
[Date "2014.04.15"]
[Round "1"]
[White "Andersen, Carl Johan"]
[Black "Jensen, Tobias Ilsoe"]
[Result "0-1"]
[WhiteElo "1872"]
[BlackElo "1964"]
[PlyCount "154"]
[EventDate "2014.??.??"]

1. e4 c5 2. c3 Nf6 3. e5 Nd5 4. d4 cxd4 5. Nf3 Nc6 6. Bc4 Nb6 7. Bb3 d6 8. exd6
Qxd6 9. O-O dxc3 10. Nxc3 Qxd1 11. Rxd1 Be6 12. Nb5 Rc8 13. Bxe6 fxe6 14. Ng5
e5 15. Be3 g6 16. Nxa7 Nxa7 17. Bxb6 Nc6 18. Rac1 Bh6 19. Be3 Bxg5 20. Bxg5 Rd8
21. Rxd8+ Kxd8 22. Be3 Kd7 23. a3 Ke6 24. Bb6 Ra8 25. Kf1 Ra6 26. Be3 Ra5 27.
Ke2 e4 28. Rc3 Kd6 29. b4 Rd5 30. Bc5+ Kd7 31. Ke3 b5 32. Kxe4 Re5+ 33. Kd3 Rg5
34. g3 Rh5 35. h4 g5 36. hxg5 Rxg5 37. Be3 Rd5+ 38. Kc2 Ne5 39. Rc5 Rxc5+ 40.
Bxc5 Nc4 41. Kb3 Nd2+ 42. Kc3 Ne4+ 43. Kd4 Nxf2 44. Kd5 e6+ 45. Ke5 Ng4+ 46.
Kf4 Nf6 47. g4 Ke8 48. g5 Nd7 49. Bd6 Kf7 50. Ke4 Kg6 51. Bf4 Kh5 52. Be3 Kg6
53. Kf4 Kf7 54. Ke4 Ke7 55. Bf2 Kf7 56. Bg3 Kg6 57. Bf4 Kh5 58. Kd4 Kg4 59. Bc1
Kf5 60. Bd2 Kg4 61. Ke4 Kh5 62. Kf4 Kh4 63. Be1+ Kh5 64. Bf2 Kg6 65. Kg4 Ne5+
66. Kg3 Kxg5 67. a4 bxa4 68. b5 a3 69. b6 Nc6 70. b7 e5 71. Be3+ Kf5 72. Bd2 a2
73. Bc3 Ke6 74. Kg4 Kd6 75. Kf5 Kc7 76. Kg5 Kxb7 77. Kh6 e4 0-1

[Event "G7-1 2014"]
[Site "Skorping"]
[Date "2014.04.15"]
[Round "1"]
[White "Andersen, Rune Egede"]
[Black "Gronhoj, Benny"]
[Result "1-0"]
[WhiteElo "2101"]
[BlackElo "1942"]
[PlyCount "47"]
[EventDate "2014.??.??"]

1. e4 d5 2. exd5 Qxd5 3. Nf3 Nf6 4. d4 Bg4 5. Be2 Nc6 6. c4 Qd7 7. d5 Bxf3 8.
Bxf3 Ne5 9. O-O g6 10. Re1 Nxc4 11. Qd4 Nd6 12. Qxf6 Rg8 13. Nc3 Bg7 14. Qh4 g5
15. Qxg5 O-O-O 16. Rxe7 Rde8 17. Rxe8+ Qxe8 18. Qe3 Be5 19. Bd2 Nf5 20. Qxa7
Bxh2+ 21. Kxh2 Qe5+ 22. Kg1 Qg7 23. d6 Nxd6 24. Bf4 1-0

[Event "G7-1 2014"]
[Site "Skorping"]
[Date "2014.04.15"]
[Round "1"]
[White "Bjerre, Jonas Buhl"]
[Black "Rossen, Claus"]
[Result "0-1"]
[WhiteElo "1952"]
[BlackElo "2109"]
[PlyCount "96"]
[EventDate "2014.??.??"]

1. e4 g6 2. d4 Bg7 3. Nc3 d6 4. Be3 a6 5. Qd2 Nd7 6. O-O-O b5 7. h4 h5 8. Nh3
Bb7 9. f3 Rc8 10. Ng5 c5 11. dxc5 Nxc5 12. Bd4 Bxd4 13. Qxd4 Nf6 14. e5 Nfd7
15. e6 Ne5 16. f4 f6 17. fxe5 fxg5 18. exd6 O-O 19. Qe3 Rf6 20. Qxg5 Nxe6 21.
Qg3 Nf4 22. Qe3 exd6 23. Ne4 Bxe4 24. Qxe4 Qe8 25. Qxe8+ Rxe8 26. g3 Ne2+ 27.
Bxe2 Rxe2 28. Rhe1 Rg2 29. Rg1 Rxg1 30. Rxg1 Kf7 31. Kd2 Rf2+ 32. Kd3 Kf6 33.
Re1 Kf5 34. Re2 Rf3+ 35. Kd4 Rxg3 36. Kd5 g5 37. hxg5 h4 38. Kxd6 h3 39. a4 Rg2
40. Re8 Rd2+ 41. Kc5 Rxc2+ 42. Kd4 bxa4 43. Ke3 Rxb2 44. Kf3 a3 45. Re1 a2 46.
Ra1 h2 47. Kg3 h1=Q 48. Rxh1 Rb1 0-1

[Event "G7-1 2014"]
[Site "Skorping"]
[Date "2014.04.15"]
[Round "1"]
[White "Christensen, Esben"]
[Black "Olsen, Filip Boe"]
[Result "1-0"]
[WhiteElo "2037"]
[BlackElo "1901"]
[PlyCount "77"]
[EventDate "2014.??.??"]

1. e4 c6 2. Nf3 d5 3. Nc3 Bg4 4. h3 Bxf3 5. Qxf3 Nf6 6. d3 e6 7. g3 Nbd7 8. Bg2
d4 9. Nb1 Bd6 10. O-O O-O 11. Qe2 e5 12. Nd2 b5 13. a4 a6 14. c3 c5 15. f4 Ne8
16. Nf3 f6 17. cxd4 cxd4 18. axb5 axb5 19. Rxa8 Qxa8 20. Kh2 Qa2 21. Qc2 Qa7
22. Qb3+ Kh8 23. fxe5 fxe5 24. Ng5 Rxf1 25. Bxf1 h6 26. Nf7+ Kh7 27. Qe6 Ndf6
28. Nxd6 Qb6 29. Qf5+ g6 30. Qxe5 Qxd6 31. Qxd6 Nxd6 32. e5 Nfe8 33. exd6 Nxd6
34. Bf4 Nb7 35. Be5 b4 36. Bxd4 b3 37. Bg2 Nd6 38. Bd5 Nf5 39. Bc5 1-0

[Event "G7-1 2014"]
[Site "Skorping"]
[Date "2014.04.15"]
[Round "1"]
[White "Christensen, Hans Ulrich Falk"]
[Black "Glasscock, David"]
[Result "1/2-1/2"]
[WhiteElo "1959"]
[BlackElo "1843"]
[PlyCount "80"]
[EventDate "2014.??.??"]

1. Nf3 d6 2. d4 Bg4 3. g3 Bxf3 4. exf3 d5 5. Qd3 c6 6. f4 e6 7. f5 exf5 8. Qxf5
Nf6 9. Bg5 Be7 10. Nd2 Nbd7 11. O-O-O O-O 12. Bg2 Re8 13. Rhe1 Qb6 14. Bxf6
Nxf6 15. Nb3 a5 16. c3 a4 17. Na1 Bd6 18. Nc2 Qc7 19. a3 Rxe1 20. Rxe1 Re8 21.
Rxe8+ Nxe8 22. Bh3 Qe7 23. Qc8 Kf8 24. Bd7 g6 25. Kd2 f5 26. Bxe8 Qxe8 27. Qxb7
f4 28. Qxh7 Qe4 29. Qd7 Be7 30. Qxc6 Bg5 31. Qd6+ Kf7 32. h4 Qf3 33. hxg5 Qxf2+
34. Kd1 Qf3+ 35. Kc1 Qf1+ 36. Kd2 Qf2+ 37. Kd1 Qf3+ 38. Kd2 Qf2+ 39. Kd1 Qf3+
40. Kc1 Qf1+ 1/2-1/2

[Event "G7-1 2014"]
[Site "Skorping"]
[Date "2014.04.15"]
[Round "1"]
[White "Jensen, Leif"]
[Black "Poulsen, Peter Risgaard"]
[Result "1-0"]
[WhiteElo "2007"]
[BlackElo "1881"]
[PlyCount "85"]
[EventDate "2014.??.??"]

1. e4 e6 2. d4 d5 3. Nd2 dxe4 4. Nxe4 Nf6 5. Nxf6+ gxf6 6. Nf3 b6 7. c3 Bb7 8.
Be2 Rg8 9. Rg1 Bd6 10. g3 Nd7 11. Nh4 f5 12. Ng2 Nf6 13. Bf3 Ne4 14. Bf4 Qd7
15. Qe2 O-O-O 16. Bxe4 fxe4 17. Bxd6 Qxd6 18. O-O-O Qd5 19. Kb1 Qa5 20. b4 Qa4
21. Qc2 Qxc2+ 22. Kxc2 Ba6 23. Ne3 Bd3+ 24. Kb2 Kb7 25. Rge1 c5 26. dxc5 bxc5
27. Rd2 cxb4 28. cxb4 a5 29. bxa5 Ka6 30. Rc1 Rb8+ 31. Ka1 Rgc8 32. Rdd1 Kxa5
33. Rxc8 Rxc8 34. Kb2 Ka4 35. Rc1 Rb8+ 36. Kc3 Rc8+ 37. Kd2 Rd8 38. Rc7 e5 39.
Ke1 Rf8 40. Ng4 f5 41. Nxe5 Bb1 42. Ra7+ Kb5 43. Rb7+ 1-0

[Event "G7-1 2014"]
[Site "Skorping"]
[Date "2014.04.15"]
[Round "1"]
[White "Johansen, Johnny Holler"]
[Black "Jepsen, Thomas Tange"]
[Result "0-1"]
[WhiteElo "1909"]
[BlackElo "2050"]
[PlyCount "50"]
[EventDate "2014.??.??"]

1. e4 c6 2. d4 d5 3. Nc3 dxe4 4. Nxe4 Bf5 5. Ng3 Bg6 6. Nf3 Nf6 7. h4 h6 8. Ne5
Bh7 9. Bc4 e6 10. Qe2 Nd5 11. Bd2 Nd7 12. O-O-O Qc7 13. f4 Nxe5 14. fxe5 O-O-O
15. Bb3 c5 16. dxc5 Bxc5 17. Rdf1 Bd4 18. Re1 Kb8 19. Kb1 Rc8 20. Ka1 Bxc2 21.
Rc1 Qb6 22. Ba5 Qxa5 23. Bxc2 Nc3 24. bxc3 Qxc3+ 25. Kb1 Qb2# 0-1

[Event "G7-1 2014"]
[Site "Skorping"]
[Date "2014.04.15"]
[Round "1"]
[White "Kovshoj, Sune"]
[Black "Madsen, Svend Aage"]
[Result "0-1"]
[WhiteElo "1924"]
[BlackElo "2071"]
[PlyCount "102"]
[EventDate "2014.??.??"]

1. e4 e5 2. Nf3 Nf6 3. Nc3 Nc6 4. Bb5 Bb4 5. O-O O-O 6. Re1 d6 7. h3 h6 8. Bd3
a6 9. Ne2 d5 10. Ng3 Re8 11. Qe2 dxe4 12. Nxe4 Nd5 13. Bc4 Bf5 14. c3 Ba5 15.
d3 Bb6 16. Bxh6 Na5 17. Rad1 Nf4 18. Bxf4 exf4 19. Nfg5 Nxc4 20. dxc4 Qe7 21.
Rd5 Bg6 22. Nf6+ gxf6 23. Qxe7 Rxe7 24. Rxe7 fxg5 25. Rxg5 Kf8 26. Re1 c6 27.
Rge5 Bc7 28. Re7 Rc8 29. c5 Bf5 30. R7e2 f3 31. Re3 fxg2 32. Kxg2 Rd8 33. b4
Be6 34. a3 Rd5 35. h4 Rh5 36. Rh1 Bd5+ 37. f3 Bd8 38. Kg3 Be6 39. Re4 Bf6 40.
Re3 Kg7 41. Rd3 Rd5 42. Rxd5 Bxd5 43. Re1 Be6 44. Re3 Kh6 45. Kf4 Bxh4 46.
Rxe6+ fxe6 47. Ke5 Be1 48. Kxe6 Bxc3 49. Kd7 a5 50. Kc8 Bxb4 51. Kxb7 Bxc5 0-1

[Event "G7-1 2014"]
[Site "Skorping"]
[Date "2014.04.15"]
[Round "1"]
[White "Kristensen, Bjarke Hautop"]
[Black "Rasmussen, Henning Lau"]
[Result "1-0"]
[WhiteElo "1940"]
[BlackElo "2100"]
[PlyCount "79"]
[EventDate "2014.??.??"]

1. c4 c6 2. g3 d5 3. Nf3 Nf6 4. Bg2 Bf5 5. O-O e6 6. d3 h6 7. b3 Be7 8. Bb2 O-O
9. Nbd2 a5 10. a3 Nbd7 11. Rc1 Qb6 12. e4 Bg6 13. e5 Nh7 14. d4 Bd3 15. Re1 c5
16. Re3 dxc4 17. bxc4 Qxb2 18. Rxd3 Qb6 19. d5 exd5 20. cxd5 Qa6 21. Rdc3 b5
22. d6 Bd8 23. Ne4 Bb6 24. Qd5 Rfe8 25. Bh3 Nhf8 26. Nxc5 Bxc5 27. Rxc5 Nxc5
28. Rxc5 b4 29. Nd4 bxa3 30. Rc7 Re6 31. Bxe6 fxe6 32. Nxe6 Kh8 33. Nc5 a2 34.
Qxa2 Qb6 35. Qf7 Qb1+ 36. Kg2 Ne6 37. Qxe6 Rf8 38. Rf7 Rg8 39. d7 Qb5 40. Qd6
1-0

[Event "G7-1 2014"]
[Site "Skorping"]
[Date "2014.04.15"]
[Round "1"]
[White "Molvig, Henrik"]
[Black "Oe, Oluf"]
[Result "1-0"]
[WhiteElo "2087"]
[BlackElo "1933"]
[PlyCount "49"]
[EventDate "2014.??.??"]

1. d4 d5 2. c4 e6 3. Nc3 c6 4. Nf3 Nf6 5. Bg5 Be7 6. e3 Nbd7 7. Rc1 dxc4 8.
Bxc4 Nb6 9. Bd3 O-O 10. O-O h6 11. Bh4 Nfd5 12. Bxe7 Qxe7 13. Ne2 f5 14. Ne5
Rf6 15. e4 fxe4 16. Bxe4 Nd7 17. Bb1 Nxe5 18. dxe5 Rf8 19. Qd3 g5 20. Rc4 Bd7
21. h4 Qg7 22. hxg5 hxg5 23. Rg4 Rf5 24. f4 Raf8 25. Qg3 1-0

[Event "G7-1 2014"]
[Site "Skorping"]
[Date "2014.04.15"]
[Round "1"]
[White "Molvig, Julius"]
[Black "Hvid, Jorn Christensen"]
[Result "0-1"]
[WhiteElo "1964"]
[BlackElo "1879"]
[PlyCount "164"]
[EventDate "2014.??.??"]

1. d4 b5 2. Nf3 e6 3. Bf4 a6 4. e3 Bb7 5. Nbd2 c5 6. c3 Nf6 7. Be2 h6 8. h3 d6
9. O-O Be7 10. a4 c4 11. axb5 axb5 12. Rxa8 Bxa8 13. Qc2 O-O 14. Ra1 Bb7 15. b3
d5 16. bxc4 dxc4 17. Qb2 Nd5 18. Bg3 Bd6 19. Bxd6 Qxd6 20. Ne4 Qb6 21. Nc5 Bc6
22. e4 Nf6 23. Bxc4 Nxe4 24. Nxe4 Bxe4 25. Qxb5 Qd8 26. Nd2 Bc6 27. Qc5 Qf6 28.
Rb1 Qf4 29. Rb2 Rc8 30. Qe7 Re8 31. Qa7 Qg5 32. g3 Qd8 33. Qc5 Ba8 34. Ra2 Bc6
35. Nb3 Qf6 36. Nd2 Qd8 37. Bd3 e5 38. Ra1 e4 39. Bf1 e3 40. fxe3 Rxe3 41. Kf2
Re6 42. Nf3 Bxf3 43. Kxf3 Rc6 44. Qb4 Qc8 45. Rc1 Qf5+ 46. Kg2 Nd7 47. Be2 Qg5
48. Rf1 Qe3 49. Bc4 Nf6 50. Bxf7+ Kh7 51. Qb1+ Ne4 52. Qe1 Rxc3 53. Qxe3 Rxe3
54. g4 Rg3+ 55. Kh2 Rd3 56. d5 Ng5 57. Be6 Nxe6 58. dxe6 Re3 59. h4 Rxe6 60.
Kg3 g5 61. h5 Kg7 62. Rd1 Rf6 63. Rd7+ Rf7 64. Rxf7+ Kxf7 65. Kf3 Kf6 66. Ke3
Ke5 67. Kf3 Kd4 68. Kg2 Ke3 69. Kg3 Ke4 70. Kg2 Kf4 71. Kh3 Kf3 72. Kh2 Kxg4
73. Kg2 Kxh5 74. Kg3 Kg6 75. Kg2 Kf5 76. Kf3 h5 77. Kg3 h4+ 78. Kf3 g4+ 79. Kf2
Kf4 80. Kf1 Kf3 81. Kg1 Kg3 82. Kh1 Kf2 0-1

[Event "G7-1 2014"]
[Site "Skorping"]
[Date "2014.04.15"]
[Round "1"]
[White "Olsen, Miriam Frida"]
[Black "Guindy, Esmat"]
[Result "1/2-1/2"]
[WhiteElo "1880"]
[BlackElo "1996"]
[PlyCount "73"]
[EventDate "2014.??.??"]

1. e4 e6 2. d4 d5 3. Nc3 Nf6 4. Bg5 dxe4 5. Nxe4 Be7 6. Bxf6 gxf6 7. Nf3 b6 8.
Bc4 Bb7 9. Qe2 c6 10. O-O-O Qc7 11. Rhe1 Nd7 12. Nc3 O-O-O 13. d5 cxd5 14. Bxd5
Bc5 15. Bxb7+ Kxb7 16. g3 Qc6 17. Nd4 Bxd4 18. Rxd4 Ne5 19. Red1 Rxd4 20. Rxd4
Rc8 21. Ne4 Rc7 22. f4 Rd7 23. Qd1 Rxd4 24. Qxd4 Nf3 25. Qd3 Nxh2 26. Nxf6 Qh1+
27. Qd1 Qxd1+ 28. Kxd1 Nf1 29. g4 Ne3+ 30. Kd2 Nd5 31. Nxh7 Nxf4 32. Ng5 f5 33.
gxf5 exf5 34. Nf7 Kc6 35. Nh6 Kd5 36. Nxf5 a6 37. c3 1/2-1/2

[Event "G7-1 2014"]
[Site "Skorping"]
[Date "2014.04.15"]
[Round "1"]
[White "Pedersen, Karsten Nymann"]
[Black "Jensen, Morten Frank"]
[Result "1/2-1/2"]
[WhiteElo "2053"]
[BlackElo "1911"]
[PlyCount "80"]
[EventDate "2014.??.??"]

1. d4 b6 2. Nf3 Bb7 3. c4 e6 4. e3 Nf6 5. Be2 Bb4+ 6. Nbd2 O-O 7. O-O c5 8. Nb3
cxd4 9. exd4 d5 10. c5 bxc5 11. dxc5 Qc7 12. Qd4 Nc6 13. Qh4 e5 14. a3 Ba5 15.
Qa4 a6 16. Nxa5 Qxa5 17. Qxa5 Nxa5 18. b4 Nc6 19. Rb1 e4 20. Nd2 Nd4 21. Bd1
Bc6 22. Bb2 Ne6 23. Be5 Bb5 24. Re1 Ne8 25. Bb3 N6c7 26. Bd6 Bd3 27. Rbc1 a5
28. Bxf8 Kxf8 29. f3 f5 30. Bc2 Bxc2 31. Rxc2 axb4 32. axb4 Ra4 33. Rb1 e3 34.
Nf1 d4 35. f4 d3 36. Rc3 e2 37. Rxd3 Rxb4 38. Re1 exf1=Q+ 39. Rxf1 Rc4 40. Rd7
Rxc5 1/2-1/2

[Event "G7-1 2014"]
[Site "Skorping"]
[Date "2014.04.15"]
[Round "1"]
[White "Pedersen, Niels"]
[Black "Willumsen, Niels Henrik"]
[Result "0-1"]
[WhiteElo "1891"]
[BlackElo "2015"]
[PlyCount "46"]
[EventDate "2014.??.??"]

1. e4 c5 2. Nf3 d6 3. d4 cxd4 4. Nxd4 Nf6 5. Nc3 g6 6. Be2 Bg7 7. Be3 O-O 8.
Qd2 Nc6 9. O-O-O Nxd4 10. Bxd4 Be6 11. Kb1 b5 12. Bxb5 Qa5 13. f3 Rfc8 14. a4
a6 15. Be2 Rab8 16. Kc1 Qb4 17. Nb1 Qxa4 18. Bc3 Rxc3 19. Qxc3 Nxe4 20. Qxg7+
Kxg7 21. fxe4 Qxe4 22. Bf3 Qb4 23. b3 Bxb3 0-1

[Event "G7-1 2014"]
[Site "Skorping"]
[Date "2014.04.15"]
[Round "1"]
[White "Sorensen, Torben Kyhl"]
[Black "Schoning, Lars"]
[Result "1-0"]
[WhiteElo "2126"]
[BlackElo "1956"]
[PlyCount "49"]
[EventDate "2014.??.??"]

1. e4 c5 2. c3 d5 3. exd5 Qxd5 4. d4 Nf6 5. Nf3 e6 6. Be3 cxd4 7. cxd4 Nc6 8.
Nc3 Bb4 9. a3 Bxc3+ 10. bxc3 O-O 11. Be2 Ng4 12. O-O Nxe3 13. fxe3 e5 14. Nd2
Qa5 15. Ne4 Be6 16. Bd3 h6 17. Qf3 f5 18. Nc5 e4 19. Qg3 Bc8 20. Nxe4 fxe4 21.
Bc4+ Kh7 22. Rxf8 Qxc3 23. Bg8+ Kh8 24. Bf7+ Kh7 25. Qg6# 1-0

[Event "G7-1 2014"]
[Site "Skorping"]
[Date "2014.04.16"]
[Round "2"]
[White "Hvid, Jorn Christensen"]
[Black "Molvig, Henrik"]
[Result "0-1"]
[WhiteElo "1879"]
[BlackElo "2087"]
[PlyCount "64"]
[EventDate "2014.??.??"]

1. e4 c5 2. Nf3 d6 3. d4 cxd4 4. Qxd4 a6 5. c4 Nc6 6. Qd2 g6 7. b3 Bg7 8. Nc3
Nf6 9. Bb2 O-O 10. Be2 Qa5 11. Nd5 Qxd2+ 12. Nxd2 Nxd5 13. Bxg7 Kxg7 14. exd5
Nb4 15. Kd1 a5 16. a3 Na6 17. b4 axb4 18. axb4 Bf5 19. g4 Nxb4 20. Rc1 Bd3 21.
Bf3 Na2 22. Rc2 Bxc2+ 23. Kxc2 Nb4+ 24. Kc3 Na6 25. Re1 Rfe8 26. Ne4 Nc5 27.
Nxc5 dxc5 28. Kb3 Kf8 29. Rb1 Reb8 30. Be2 Ra6 31. Kc2 Ra2+ 32. Kd3 Rba8 0-1

[Event "G7-1 2014"]
[Site "Skorping"]
[Date "2014.04.16"]
[Round "2"]
[White "Glasscock, David"]
[Black "Pedersen, Karsten Nymann"]
[Result "1-0"]
[WhiteElo "1843"]
[BlackElo "2053"]
[PlyCount "25"]
[EventDate "2014.??.??"]

1. d4 Nf6 2. Nf3 e6 3. Bf4 b6 4. e3 Bb7 5. Bd3 Be7 6. h3 c5 7. c3 Ne4 8. O-O f5
9. Ne5 O-O 10. Bc4 Qc8 11. Qb3 Ba6 12. Rd1 d5 13. Bxd5 1-0

[Event "G7-1 2014"]
[Site "Skorping"]
[Date "2014.04.16"]
[Round "2"]
[White "Gronhoj, Benny"]
[Black "Pedersen, Niels"]
[Result "0-1"]
[WhiteElo "1942"]
[BlackElo "1891"]
[PlyCount "130"]
[EventDate "2014.??.??"]

1. e4 e5 2. Nf3 Nc6 3. Bb5 a6 4. Bxc6 dxc6 5. h3 f6 6. O-O Bd6 7. c3 Nh6 8. d4
Nf7 9. Be3 Qe7 10. Nbd2 Be6 11. c4 c5 12. d5 Bd7 13. Ne1 g5 14. Nd3 h5 15. b4
b6 16. bxc5 bxc5 17. Nb3 g4 18. h4 f5 19. g3 f4 20. Bxc5 O-O 21. Qe2 Nh8 22.
gxf4 Ng6 23. Bxd6 cxd6 24. f5 Nxh4 25. Nd2 Bxf5 26. exf5 Rxf5 27. f4 gxf3 28.
Nxf3 Nxf3+ 29. Rxf3 Rg5+ 30. Kh1 Rg4 31. Rg1 Qh4+ 32. Qh2 Qxh2+ 33. Kxh2 e4 34.
Rxg4+ hxg4 35. Rg3 exd3 36. Rxd3 Kf7 37. Kg3 Kf6 38. Kxg4 Ke5 39. Kf3 Rh8 40.
Kg2 Rh4 41. Rc3 Rh7 42. Rg3 Rc7 43. Rg4 Rf7 44. Kg3 Rf1 45. Kh4 a5 46. Kg5 Rf2
47. a4 Ra2 48. Rg1 Rxa4 49. Re1+ Kd4 50. Kf5 Rxc4 51. Ke6 Kc5 52. Re2 a4 53.
Re3 Rc2 54. Ra3 Re2+ 55. Kd7 Re4 56. Rd3 Rd4 57. Rxd4 Kxd4 58. Kxd6 a3 59. Ke6
a2 60. d6 a1=Q 61. d7 Qa6+ 62. Ke7 Qb7 63. Ke8 Qc6 64. Ke7 Qc5+ 65. Kf7 Qd6 0-1

[Event "G7-1 2014"]
[Site "Skorping"]
[Date "2014.04.16"]
[Round "2"]
[White "Guindy, Esmat"]
[Black "Christensen, Hans Ulrich Falk"]
[Result "1-0"]
[WhiteElo "1996"]
[BlackElo "1959"]
[PlyCount "129"]
[EventDate "2014.??.??"]

1. c4 e5 2. g3 f5 3. Bg2 Nf6 4. Nc3 Nc6 5. a3 g6 6. d3 Bg7 7. e3 O-O 8. Nge2
Qe7 9. Bd2 Nd8 10. Nd5 Nxd5 11. cxd5 c6 12. Qc2 Re8 13. O-O Nf7 14. Bb4 Qf6 15.
Bc3 Qd6 16. Bb4 Qf6 17. d4 e4 18. Nf4 Bh6 19. Qb3 Bxf4 20. gxf4 a5 21. Bc3 Qd6
22. dxc6 bxc6 23. Rfd1 Qd5 24. Qxd5 cxd5 25. a4 Bb7 26. Rdc1 Bc6 27. Bf1 Reb8
28. Ra3 Nd6 29. b3 Rb7 30. Be2 Kf7 31. Bd1 Ke6 32. Bd2 Rba7 33. Rc3 Ra6 34. Ra1
Rb6 35. Bc1 Rbb8 36. Ba3 Nb7 37. Rac1 Ra6 38. h4 h6 39. Kh2 g5 40. hxg5 hxg5
41. fxg5 Rg8 42. Be2 Raa8 43. Rg1 Rg6 44. Rg3 Rag8 45. Ba6 Nd8 46. Rc5 Nf7 47.
Rxa5 Ra8 48. b4 Nxg5 49. Kg2 Rgg8 50. Kf1 Nf3 51. Ke2 Rxg3 52. fxg3 Rh8 53. b5
Rh2+ 54. Kd1 Rh1+ 55. Kc2 Ne1+ 56. Kc3 Ba8 57. Bc8 Rh2 58. Rxa8 Rc2+ 59. Kb4
Rc4+ 60. Ka5 Nc2 61. Bc1 Nxd4 62. exd4 Rxc1 63. Bb7 Ke7 64. Bxd5 e3 65. Bf3 1-0

[Event "G7-1 2014"]
[Site "Skorping"]
[Date "2014.04.16"]
[Round "2"]
[White "Jensen, Morten Frank"]
[Black "Olsen, Miriam Frida"]
[Result "0-1"]
[WhiteElo "1911"]
[BlackElo "1880"]
[PlyCount "112"]
[EventDate "2014.??.??"]

1. b3 e5 2. Bb2 Nc6 3. e3 Nf6 4. Bb5 Bd6 5. Ne2 Ne7 6. Ng3 c6 7. Be2 Bc7 8. c4
d5 9. d3 O-O 10. O-O Ng6 11. Nd2 Re8 12. Re1 Bd6 13. Qc2 Ng4 14. c5 Bc7 15. h3
Nf6 16. Rad1 h6 17. b4 Nh7 18. e4 Nf4 19. Ndf1 Qg5 20. Bc1 Qg6 21. exd5 cxd5
22. Bxf4 exf4 23. Bh5 Qc6 24. Rxe8+ Qxe8 25. Qe2 Bxh3 26. gxh3 fxg3 27. Nxg3
Ng5 28. Kg2 Ne6 29. Qe3 Nf4+ 30. Kf1 Qxe3 31. fxe3 Nxh3 32. Nf5 Re8 33. Bf3 Re5
34. e4 Ng5 35. Bg2 dxe4 36. dxe4 Nxe4 37. Nd6 Ng3+ 38. Kf2 Nf5 39. Bxb7 Nxd6
40. cxd6 Bb6+ 41. Kf3 Kf8 42. Kf4 f6 43. a4 a5 44. bxa5 Bxa5 45. Bc6 h5 46. d7
g5+ 47. Kf3 Bd8 48. Rd5 Rxd5 49. Bxd5 Ke7 50. Bc6 f5 51. Bb5 Bc7 52. Bc6 g4+
53. Kg2 h4 54. Bb5 h3+ 55. Kh1 g3 56. Bd3 g2+ 0-1

[Event "G7-1 2014"]
[Site "Skorping"]
[Date "2014.04.16"]
[Round "2"]
[White "Jensen, Tobias Ilsoe"]
[Black "Andersen, Rune Egede"]
[Result "1-0"]
[WhiteElo "1964"]
[BlackElo "2101"]
[PlyCount "101"]
[EventDate "2014.??.??"]

1. c4 e5 2. g3 Nf6 3. Bg2 Nc6 4. Nc3 Bc5 5. e3 d5 6. cxd5 Nb4 7. d3 Nbxd5 8. a3
O-O 9. Nge2 Re8 10. O-O Bg4 11. Qc2 Nxc3 12. Nxc3 c6 13. b4 Bf8 14. Rb1 Qd7 15.
b5 cxb5 16. Rxb5 Rab8 17. f4 Bd6 18. fxe5 Bxe5 19. d4 Bd6 20. e4 Rec8 21. a4
Bxg3 22. Qd3 Qc7 23. hxg3 Qxc3 24. Qxc3 Rxc3 25. Bf4 Rd8 26. Rxb7 Nh5 27. Rxa7
Nxg3 28. Bxg3 Rxg3 29. Kh2 Re3 30. Rfxf7 h5 31. Rxg7+ Kh8 32. Rh7+ Kg8 33.
Rag7+ Kf8 34. Rf7+ Kg8 35. Rfg7+ Kf8 36. Rb7 Kg8 37. d5 Ra3 38. Rhg7+ Kh8 39.
Ra7 Rxa4 40. Rh7+ Kg8 41. e5 Rxa7 42. Rxa7 Rb8 43. e6 Re8 44. e7 Kf7 45. d6 Rc8
46. Be4 Be6 47. Kg3 Rc3+ 48. Kf4 Rc8 49. Kg5 h4 50. Bg6+ Kg7 51. e8=Q+ 1-0

[Event "G7-1 2014"]
[Site "Skorping"]
[Date "2014.04.16"]
[Round "2"]
[White "Jepsen, Thomas Tange"]
[Black "Kristensen, Bjarke Hautop"]
[Result "1/2-1/2"]
[WhiteElo "2050"]
[BlackElo "1940"]
[PlyCount "56"]
[EventDate "2014.??.??"]

1. d4 Nf6 2. c4 g6 3. Nc3 d5 4. Nf3 Bg7 5. Bf4 O-O 6. Rc1 c5 7. dxc5 Qa5 8.
cxd5 Rd8 9. Bd2 Qxc5 10. e4 Ng4 11. Qe2 Bd7 12. h3 Ne5 13. Nxe5 Bxe5 14. Qc4
Na6 15. Be3 Qa5 16. Be2 Rac8 17. Qb3 Nc5 18. Bxc5 Qxc5 19. O-O e6 20. Bf3 Qc4
21. Qxb7 Rb8 22. Qxa7 Rxb2 23. dxe6 Bxe6 24. Nd5 Qxa2 25. Qe7 Rdb8 26. Nf6+ Kg7
27. Ne8+ Kg8 28. Nf6+ Kg7 1/2-1/2

[Event "G7-1 2014"]
[Site "Skorping"]
[Date "2014.04.16"]
[Round "2"]
[White "Madsen, Svend Aage"]
[Black "Jensen, Leif"]
[Result "1/2-1/2"]
[WhiteElo "2071"]
[BlackElo "2007"]
[PlyCount "57"]
[EventDate "2014.??.??"]

1. e4 e6 2. b3 d5 3. Bb2 dxe4 4. Nc3 Nf6 5. Qe2 c6 6. Nxe4 Nxe4 7. Qxe4 Qd5 8.
Qh4 Be7 9. Qg3 Bf6 10. Bxf6 gxf6 11. Nf3 Qe4+ 12. Kd1 Qg6 13. Qd6 Nd7 14. h4
Qf5 15. Be2 Rg8 16. Rg1 Qc5 17. Qxc5 Nxc5 18. d3 Ke7 19. Nd2 e5 20. Nc4 Be6 21.
Kd2 Bxc4 22. bxc4 Rad8 23. Rab1 Kd6 24. g3 Kc7 25. Kc3 Rd7 26. Bf3 h6 27. Rge1
Rgd8 28. Be4 Rd6 29. Bf5 1/2-1/2

[Event "G7-1 2014"]
[Site "Skorping"]
[Date "2014.04.16"]
[Round "2"]
[White "Oe, Oluf"]
[Black "Andersen, Carl Johan"]
[Result "1/2-1/2"]
[WhiteElo "1933"]
[BlackElo "1872"]
[PlyCount "138"]
[EventDate "2014.??.??"]

1. d4 Nf6 2. c4 e6 3. Nc3 Bb4 4. Bd2 O-O 5. Nf3 c5 6. e3 d5 7. dxc5 Bxc5 8. Qc2
Nc6 9. a3 d4 10. Na4 dxe3 11. Nxc5 exd2+ 12. Qxd2 Qe7 13. b4 Rd8 14. Qb2 e5 15.
Be2 e4 16. Nd2 b6 17. Ncb3 e3 18. fxe3 Qxe3 19. Nf1 Qe7 20. Ng3 Bg4 21. O-O
Qe3+ 22. Kh1 Ne5 23. Bxg4 Nexg4 24. Rf3 Qh6 25. h3 Ne3 26. Nf5 Nxf5 27. Rxf5
Ne4 28. Rf3 Qd6 29. Qc2 Qe5 30. Rd1 Ng3+ 31. Kg1 Rac8 32. c5 bxc5 33. Nxc5 Ne2+
34. Kh1 h6 35. Rfd3 Rxd3 36. Qxd3 Ng3+ 37. Kg1 Re8 38. Qf3 Ne2+ 39. Kh1 Nd4 40.
Qd3 Nf5 41. Qf3 a5 42. Nd7 Ng3+ 43. Kh2 Qe2 44. Qxe2 Nxe2 45. Re1 axb4 46. axb4
Rd8 47. Rxe2 Rxd7 48. b5 Kf8 49. g4 Rb7 50. Re5 f6 51. Rc5 Ke7 52. Kg3 Kd6 53.
Rf5 Re7 54. Rf3 Kc5 55. Rf5+ Kb6 56. h4 Re1 57. h5 Rb1 58. Rd5 Rb3+ 59. Kf4 Rc3
60. Rd7 Rc4+ 61. Kf3 Rc3+ 62. Ke4 Rc4+ 63. Rd4 Rc7 64. Rd5 Re7+ 65. Kf5 Kc7 66.
Kg6 Kb6 67. Kh7 Kc7 68. Kg8 Kb6 69. Kf8 Rc7 1/2-1/2

[Event "G7-1 2014"]
[Site "Skorping"]
[Date "2014.04.16"]
[Round "2"]
[White "Olsen, Filip Boe"]
[Black "Molvig, Julius"]
[Result "1/2-1/2"]
[WhiteElo "1901"]
[BlackElo "1964"]
[PlyCount "28"]
[EventDate "2014.??.??"]

1. d4 Nf6 2. Nf3 g6 3. Bf4 Bg7 4. e3 O-O 5. c3 d6 6. h3 c5 7. dxc5 dxc5 8. Qxd8
Rxd8 9. Bc4 Nc6 10. Nbd2 Bf5 11. Ng5 Rf8 12. e4 Bd7 13. O-O Nh5 14. Be3 b6
1/2-1/2

[Event "G7-1 2014"]
[Site "Skorping"]
[Date "2014.04.16"]
[Round "2"]
[White "Poulsen, Peter Risgaard"]
[Black "Bjerre, Jonas Buhl"]
[Result "0-1"]
[WhiteElo "1881"]
[BlackElo "1952"]
[PlyCount "32"]
[EventDate "2014.??.??"]

1. d4 d5 2. Bf4 Nf6 3. e3 c5 4. Nf3 Nc6 5. c4 Bg4 6. Be2 dxc4 7. Nc3 cxd4 8.
Nxd4 Bxe2 9. Nxc6 Qxd1+ 10. Nxd1 Bxd1 11. Ne5 Ba4 12. Nxc4 Rd8 13. O-O Bb5 14.
Rfc1 e6 15. Na5 Ba6 16. Rc7 Nd5 0-1

[Event "G7-1 2014"]
[Site "Skorping"]
[Date "2014.04.16"]
[Round "2"]
[White "Rossen, Claus"]
[Black "Christensen, Esben"]
[Result "0-1"]
[WhiteElo "2109"]
[BlackElo "2037"]
[PlyCount "70"]
[EventDate "2014.??.??"]

1. e4 c5 2. Nf3 e6 3. d4 cxd4 4. Nxd4 Nf6 5. Nc3 d6 6. Be3 a6 7. a4 b6 8. Bd3
Qc7 9. O-O Bb7 10. f4 Nbd7 11. f5 e5 12. Nb3 Be7 13. Qf3 O-O 14. g4 h6 15. h4
d5 16. exd5 e4 17. Nxe4 Nxd5 18. Bf2 Ne5 19. Qg3 Bxh4 20. Qh3 Nf4 21. Qh1 Bxf2+
22. Rxf2 Nfxd3 23. cxd3 Nxd3 24. Re2 Rfe8 25. Qf3 Bxe4 26. Rxe4 Rxe4 27. Qxe4
Qg3+ 28. Qg2 Qe3+ 29. Kh2 Re8 30. Rf1 Qe5+ 31. Kh1 Ne1 32. Qc6 Qe2 33. Rf2 Qxf2
34. Qxe8+ Kh7 35. Qe4 Nf3 0-1